| 000 | 00530nam a2200121Ia 4500 | ||
|---|---|---|---|
| 008 | 171212s9999 xx 000 0 und d | ||
| 020 | _a9781922144065 | ||
| 245 |
_ceditor Pietsch, Juliet;Aarons, Haydn _aAustralia: Identity, Fear and Governance in the 21st Century |
||
| 260 |
_bANU E Press _c2012 |
||
| 650 | _aPolitical Science | ||
| 650 | _aPublic opinion -- Australia; Australia -- Social conditions -- Public opinion; Australia -- Politics and government -- Public opinion | ||
| 856 | _uwww.jstor.org/stable/10.2307/j.ctt24hbqz | ||
| 999 |
_c351002 _d351002 |
||